| 000 | 00510nam a2200181Ia 4500 | ||
|---|---|---|---|
| 005 | 20250508163339.0 | ||
| 008 | 008 250505s9999 xx 000 0 eng d | ||
| 037 | _aTextual | ||
| 040 |
_aFEDL _beng _cFEDL |
||
| 041 |
_aeng _2eng |
||
| 084 |
_a511, TRA _qFEDL |
||
| 100 |
_aCutler Ann _9775179 |
||
| 245 | 0 | _aTrachtenberg speed system of basic mathematics | |
| 260 |
_aBombay, India _bAsia Publishing House _c1960 |
||
| 300 | _a270p. | ||
| 942 |
_cTEXL _h511, TRA |
||
| 999 |
_c1382475 _d1382475 |
||